| 000 | 01094cam a22003253a 4500 | ||
|---|---|---|---|
| 001 | 318 | ||
| 003 | FISKH | ||
| 005 | 20240207104648.0 | ||
| 008 | 970723t19971981nyua j 000 1 eng d | ||
| 010 | _a 97817461 | ||
| 035 | _a(OCoLC)ocm37344370 | ||
| 040 |
_aAZD _cAZD _dOCL _dDLC _dFISKH _beng |
||
| 050 | 0 | 0 | _aPZ7.A953 |
| 082 | _2813.6 | ||
| 100 | 0 |
_aAvi _d1937- _qWortis, Edward Irving |
|
| 245 | 1 | 0 |
_aWho stole the Wizard of Oz? / _cillustrated by Derek James |
| 260 |
_aNew York _bScholastic _c2001 |
||
| 300 |
_a116 p. : _bill. ; _c20 cm. |
||
| 500 | _a"A Knopf paperback." | ||
| 505 | _aH | ||
| 520 | _aBecky and her brother use some ingenious clues to identify the person who stole five children's books from the town's library. | ||
| 521 | 8 |
_a520
_bLexile |
|
| 521 | 8 |
_aH
_bRaz-Plus |
|
| 650 | 0 |
_aDetective and mystery stories _vJuvenile literature. |
|
| 655 | 7 |
_aYoung adult fiction. _2lcsh |
|
| 700 | 1 | _aJames, Derek. | |
| 710 | 2 |
_aCopyright Paperback Collection (Library of Congress) _5DLC |
|
| 906 |
_a7 _bcbc _ccopycat _d2 _encip _f19 _gy-genrareb |
||
| 942 |
_2ddc _cBK _n0 |
||
| 999 |
_c318 _d318 |
||